| 000 | 00848cam a22002413a 4500 | ||
|---|---|---|---|
| 001 | 6603 | ||
| 003 | PGUSA | ||
| 005 | 20140828083134.0 | ||
| 008 | 041001s2004||||xxu|||||s|||||000 | eng d | ||
| 040 |
_aPGUSA _beng |
||
| 042 | _adc | ||
| 050 | 4 | _aKD | |
| 100 | 1 | _aReilly, S. A. | |
| 245 | 1 | 0 |
_aOur Legal Heritage : _b600-1776 King Aethelbert - King George III _h[electronic resource] / _cS. A. Reilly |
| 260 |
_bProject Gutenberg, _c2004 |
||
| 500 | _aThis book has undergone multiple editions, and is available as Project Gutenberg eBook numbers 1694, 6603, 13376, 36299 and 40780. | ||
| 506 | _aCopyrighted. Read the copyright notice inside this book for details. | ||
| 516 | _aElectronic text | ||
| 653 | _aLaw -- England -- History | ||
| 830 | 0 |
_aProject Gutenberg _v6603 |
|
| 856 | 4 | 0 | _uhttp://www.gutenberg.org/ebooks/6603 |
| 942 | _cEB | ||
| 999 |
_c235923 _d235923 |
||